Statistiques concernant Toutes les communes actuelles du Territoire-de-Belfort sur une carte

Cliquez ici pour prendre le quiz!

Statistiques générales

  • Ce quiz a été pris 45 fois
  • Le résultat moyen est 22 sur 101

Réponses sur la Carte

Les réponses sont colorées sur une échelle allant du rouge au vert en fonction du pourcentage des utilisateurs qui les ont devinées à leur premier essai. Vous pouvez retrouver ces pourcentages ci-dessous.
 

Statistiques - réponses

communepopulation (2020)% Correct
Belfort45 458
97%
Delle5 689
63%
Giromagny2 914
42%
Valdoie5 251
42%
Danjoutin3 573
37%
Meroux-Moval1 390
37%
Bessoncourt1 302
34%
Fontaine594
34%
Grandvillars2 995
34%
Offemont4 164
34%
Trévenans1 281
34%
Andelnans1165
32%
Bavilliers4 627
32%
Beaucourt5 016
32%
Roppe1 037
32%
Chaux1 176
29%
Cravanche1 938
29%
Grosmagny516
29%
Lachapelle-sous-Chaux754
29%
Lachapelle-sous-Rougemont584
29%
Sermamagny924
29%
Étueffont1 401
26%
Évette-Salbert2 021
26%
Lepuix1 141
26%
Lepuix-Neuf308
26%
Montreux-Château1 172
26%
Morvillars1 068
26%
Pérouse1 180
26%
Rougegoutte973
26%
Vézelois999
26%
Auxelles-Bas443
24%
Auxelles-Haut284
24%
Bourogne1 848
24%
Bretagne285
24%
Buc264
24%
Châtenois-les-Forges2 625
24%
Chèvremont1 572
24%
Croix173
24%
Denney760
24%
Essert3 316
24%
Joncherey1 416
24%
Saint-Dizier-l'Évêque433
24%
Vescemont712
24%
Larivière279
21%
Petit-Croix298
21%
Petitmagny321
21%
Phaffans435
21%
Rougemont-le-Château1 492
21%
Sevenans703
21%
Villars-le-Sec178
21%
Anjoutey582
18%
Argiésans540
18%
Autrechêne276
18%
Bermont376
18%
Brebotte400
18%
Dorans808
18%
Fêche-l'Église758
18%
Méziré1 294
18%
Reppe336
18%
Riervescemont93
18%
Suarce432
18%
Vétrigne668
18%
Banvillars291
16%
Bethonvilliers243
16%
Botans238
16%
Bourg-sous-Châtelet123
16%
Éloie955
16%
Faverois586
16%
Felon239
16%
Florimont449
16%
Foussemagne917
16%
Lamadeleine-Val-des-Anges44
16%
Menoncourt400
16%
Réchésy767
16%
Saint-Germain-le-Châtelet652
16%
Angeot355
13%
Charmois375
13%
Chavanatte138
13%
Courcelles120
13%
Frais237
13%
Froidefontaine472
13%
Grosne331
13%
Lacollonge226
13%
Lebetain413
13%
Leval243
13%
Montbouton403
13%
Novillard304
13%
Petitefontaine190
13%
Recouvrance132
13%
Romagny-sous-Rougemont219
13%
Thiancourt280
13%
Vauthiermont195
13%
Vellescot243
13%
Boron489
11%
Eguenigue269
11%
Urcerey245
11%
Chavannes-les-Grands340
8%
Courtelevant382
8%
Fontenelle127
8%
Cunelières338
5%
Lagrange139
5%

Distribution des résultats

Percentile par nombre de réponses

% des personnes avec chaque résultat

Votre développement - résultats

Vous n’avez pas pris ce quiz